Atlas of orthopaedic surgery

1. Shoulder 2. Upper arm 3. Elbow 4. Forearm 5. Wrist 6. Hand 7. Neck and cervical spine 8. Thoracolumbar spine 9. Pelvis 10. Hip 11. Thigh 12. Knee 13. Lower leg 14. Ankle 15. Foot 16. Miscellaneous operative procedures

Wedi'i Gadw mewn:
Manylion Llyfryddiaeth
Prif Awdur: Louis A. Goldstein
Fformat: Llyfr
Iaith:Undetermined
Cyhoeddwyd: New York the C.V.Mosby Company 1981
Pynciau:
Tagiau: Ychwanegu Tag
Dim Tagiau, Byddwch y cyntaf i dagio'r cofnod hwn!
Thư viện lưu trữ: Trung tâm Học liệu Trường Đại học Cần Thơ
LEADER 00745nam a2200181Ia 4500
001 CTU_43716
008 210402s9999 xx 000 0 und d
082 |a 617.47 
082 |b G624 
100 |a Louis A. Goldstein 
245 0 |a Atlas of orthopaedic surgery 
245 0 |c Louis A. Goldstein, Robert C. Dickerson 
260 |a New York 
260 |b the C.V.Mosby Company 
260 |c 1981 
520 |a 1. Shoulder 2. Upper arm 3. Elbow 4. Forearm 5. Wrist 6. Hand 7. Neck and cervical spine 8. Thoracolumbar spine 9. Pelvis 10. Hip 11. Thigh 12. Knee 13. Lower leg 14. Ankle 15. Foot 16. Miscellaneous operative procedures 
650 |a orthopedic surgery - atlases 
980 |a Trung tâm Học liệu Trường Đại học Cần Thơ